Llwytho...

The principles of physiology /

Manylion Llyfryddiaeth
Prif Awdur: Jensen
Fformat: Printed Book
Iaith:English
Cyhoeddwyd: New York : A.C.C, 1975.
Pynciau:
LEADER 00491nam a2200145Ia 4500
008 160121b xxu||||| |||| 00| 0 eng d
020 |c Rs 215.33 
082 |a 612  |2 23 
100 |a Jensen 
245 4 |a The principles of physiology /  |c Jensen 
260 |a New York :  |b A.C.C,  |c 1975. 
653 |a Human physiology 
942 |c BK 
999 |c 122432  |d 122432 
952 |0 0  |1 0  |4 0  |6 612_000000000000000_JEN_P  |7 0  |9 135539  |a LIF  |b LIF  |c ST1  |d 2009-08-02  |i 148  |l 1  |m 3  |o 612 JEN/P  |p LIF148  |r 2015-09-03  |s 2014-10-23  |w 2009-08-02  |y BK